Célèbres Polonais - Quiz d'images - Statistiques

Statistiques générales
  • Ce quiz a été pris 119 fois
  • Le résultat moyen est 6 sur 15
Statistiques - réponses
Par images Hint Réponse % Correct
Scientifique Marie Curie
99%
Le pape Le pape Jean-Paul II
78%
Scientifique, astronome Nicolas Copernic
75%
Réalisateur Roman Polański
74%
Footballeur Robert Lewandowski
64%
Compositeur Frédéric Chopin
61%
Activiste, ex-président Lech Wałęsa
54%
Joueur de tennis Agnieszka Radwańska
25%
Sauteur à ski Adam Małysz
16%
Poète romantique, ''Pan Tadeusz'' Adam Mickiewicz
14%
Réalisateur, "Trois couleurs: Bleu, Blanc et Rouge" Krzysztof Kieślowski
14%
Mannequin Joanna Krupa
9%
Poètesse lauréat du prix Nobel Wisława Szymborska
9%
fondatrice de la société cosmétique du même nom Helena Rubinstein
7%
Actrice, Bond-girl Izabella Scorupco
4%
Aucun quiz correspondant
Distribution des résultats
% des personnes avec chaque résultat
Percentile par nombre de réponses
Votre historique - résultats
Vous n’avez pas pris ce quiz